| 000 | 00452pab a2200181 454500 | ||
|---|---|---|---|
| 008 | 180718b2001 xxu||||| |||| 00| 0 eng d | ||
| 100 | _aMajumdar, Partha | ||
| 245 | _aBudget and economic reforms: need for fresh look | ||
| 260 | _c2001 | ||
| 300 | _ap.10 | ||
| 362 | _a25 Jan | ||
| 650 | _aForeign investment | ||
| 650 | _aBudget | ||
| 650 | _aEconomic reform - India | ||
| 650 | _aEconomic reform | ||
| 773 | _aDeccan Herald | ||
| 909 | _a48672 | ||
| 999 |
_c48672 _d48672 |
||